| 000 | 00962njm a2200325 c 4500 | ||
|---|---|---|---|
| 003 | BLK | ||
| 005 | 20180421002845.0 | ||
| 008 | 180410b bul||n||s|||||||| n|bulo| | ||
| 010 | _aCDD00010405000 | ||
| 040 | _aBLK | ||
| 041 |
_aDEU _cDEU |
||
| 080 |
_aСалонни и танцови оркестри. Естраден оркестър. Джаз. Рок _b785.161 _x _z785.161 |
||
| 700 | 1 |
_aBerlin 21 _eизп. _9355872 |
|
| 139 |
_aBerlin 21 _bB 47 |
||
| 245 | 1 | 0 |
_aOdds On [CD аудио] _cизп. Berlin 21. |
| 257 | _aDEU | ||
| 260 |
_аBerlin _bBlackbird Music _c2016 |
||
| 300 | _c12 cm. Stereo | ||
| 306 | _a71 мин. 10сек. | ||
| 380 | _a7 | ||
| 650 | 4 |
_aДжаз _9153283 |
|
| 653 | _aджаз | ||
| 653 | _aджаз-рок | ||
| 653 | _aфюжън | ||
| 852 |
_aЦб CD 4384 _p0 |
||
| 856 | 4 |
_qpdf _u |
|
| 856 | 4 |
_qpdf _u |
|
| 942 |
_cCDD _n0 |
||
| 944 |
_aCR _c22.08.2017 _kТеодора_Стоянова |
||
| 944 |
_aED _c22.08.2017 _kТеодора_Стоянова |
||
| 999 |
_c229690 _d229690 |
||